00327nam a2200121Ia 4500008004100000041000800041082001300049100004500062245003000107260003900137300000800176999002100184231228s1981 xx 000 0 und d aeng a301bPAR aPARKER (S.R) / BROWN (R.K) / SMITH (M.A) aThe Sociology of Industry aLondonbGEORGE GODWIN Londonc1981 a208 c1079596d1079596